Izpolzvane na frenčajzinga za celite na privatizacijata.
Skúmanie možností využitia franchisingu pri privatizácii a pri priťahovaní zahraničného kapitálu. Zdôvodnenie myšlienky o spájaní predností franchisingu ako formy privatizácie a bizniskoncepcie s vykupovaním štátneho vlastníctva a nevyhnutnosti rozpracovania špeciálnej legislatívy regulujúcej všetky...
Salvato in:
| Autore principale: | |
|---|---|
| Natura: | Capitolo di libro |
| Lingua: | bulgaro |
| Soggetti: | |
| Tags: |
Nessun Tag, puoi essere il primo ad aggiungerne!!
|
MARC
| LEADER | 00000naa a2200000 4500 | ||
|---|---|---|---|
| 001 | r008538 | ||
| 005 | 20221125115000.5 | ||
| 041 | 0 | |a bul | |
| 044 | |a BG | ||
| 245 | 1 | 0 | |a Izpolzvane na frenčajzinga za celite na privatizacijata. |c V. Grozdeva |
| 520 | |a Skúmanie možností využitia franchisingu pri privatizácii a pri priťahovaní zahraničného kapitálu. Zdôvodnenie myšlienky o spájaní predností franchisingu ako formy privatizácie a bizniskoncepcie s vykupovaním štátneho vlastníctva a nevyhnutnosti rozpracovania špeciálnej legislatívy regulujúcej všetky vzťahy spojené s dohodami o franchisingu. Otázky určenia hodnoty podniku pri uzatváraní dohody o franchisingu. Využívanie franchisingu v Bulharsku. | ||
| 610 | 2 | 0 | |a franchising |
| 610 | 2 | 0 | |a BR |
| 610 | 2 | 0 | |a privatizácia |
| 610 | 2 | 0 | |a vlastníctvo štátne |
| 610 | 2 | 0 | |a kapitál zahraničný |
| 610 | 2 | 0 | |a legislatíva |
| 610 | 2 | 0 | |a podnik |
| 610 | 2 | 0 | |a oceňovanie ekonomické |
| 100 | 1 | |a Grozdeva, V. | |